<?xml version="1.0" encoding="UTF-8"?>
<record
    xmlns:xsi="http://www.w3.org/2001/XMLSchema-instance"
    xsi:schemaLocation="http://www.loc.gov/MARC21/slim http://www.loc.gov/standards/marcxml/schema/MARC21slim.xsd"
    xmlns="http://www.loc.gov/MARC21/slim">

  <leader>00310nam a22001337a 4500</leader>
  <datafield tag="999" ind1=" " ind2=" ">
    <subfield code="c">527907</subfield>
    <subfield code="d">527907</subfield>
  </datafield>
  <controlfield tag="003">NUST</controlfield>
  <datafield tag="038" ind1=" " ind2=" ">
    <subfield code="a">M.Ramzan</subfield>
  </datafield>
  <datafield tag="082" ind1=" " ind2=" ">
    <subfield code="a">627.4</subfield>
    <subfield code="b">NUS</subfield>
  </datafield>
  <datafield tag="100" ind1=" " ind2=" ">
    <subfield code="a">NICE</subfield>
    <subfield code="9">19411</subfield>
  </datafield>
  <datafield tag="245" ind1=" " ind2=" ">
    <subfield code="a">strategic strangthening of  f loud warming</subfield>
  </datafield>
  <datafield tag="260" ind1=" " ind2=" ">
    <subfield code="a">Islamabad</subfield>
    <subfield code="b">NICE</subfield>
    <subfield code="c">2011</subfield>
  </datafield>
  <datafield tag="300" ind1=" " ind2=" ">
    <subfield code="a">702 p, :</subfield>
    <subfield code="b">CD</subfield>
    <subfield code="c">25cm</subfield>
  </datafield>
  <datafield tag="942" ind1=" " ind2=" ">
    <subfield code="2">ddc</subfield>
    <subfield code="c">BK</subfield>
  </datafield>
  <datafield tag="952" ind1=" " ind2=" ">
    <subfield code="0">0</subfield>
    <subfield code="1">0</subfield>
    <subfield code="2">ddc</subfield>
    <subfield code="4">0</subfield>
    <subfield code="7">0</subfield>
    <subfield code="a">NIT</subfield>
    <subfield code="b">NIT</subfield>
    <subfield code="d">2019-08-21</subfield>
    <subfield code="l">0</subfield>
    <subfield code="o">627.4 NUS</subfield>
    <subfield code="p">NIT-10126</subfield>
    <subfield code="r">2019-08-21</subfield>
    <subfield code="w">2019-08-21</subfield>
    <subfield code="y">BK</subfield>
  </datafield>
  <datafield tag="952" ind1=" " ind2=" ">
    <subfield code="0">0</subfield>
    <subfield code="1">0</subfield>
    <subfield code="2">ddc</subfield>
    <subfield code="4">0</subfield>
    <subfield code="7">0</subfield>
    <subfield code="a">NIT</subfield>
    <subfield code="b">NIT</subfield>
    <subfield code="d">2019-08-21</subfield>
    <subfield code="l">0</subfield>
    <subfield code="o">627.4 NUS</subfield>
    <subfield code="p">NIT-10127</subfield>
    <subfield code="r">2019-08-21</subfield>
    <subfield code="w">2019-08-21</subfield>
    <subfield code="y">BK</subfield>
  </datafield>
  <datafield tag="952" ind1=" " ind2=" ">
    <subfield code="0">0</subfield>
    <subfield code="1">0</subfield>
    <subfield code="2">ddc</subfield>
    <subfield code="4">0</subfield>
    <subfield code="7">0</subfield>
    <subfield code="a">NIT</subfield>
    <subfield code="b">NIT</subfield>
    <subfield code="d">2019-08-21</subfield>
    <subfield code="l">0</subfield>
    <subfield code="o">627.4 NUS</subfield>
    <subfield code="p">NIT-10128</subfield>
    <subfield code="r">2019-08-21</subfield>
    <subfield code="w">2019-08-21</subfield>
    <subfield code="y">BK</subfield>
  </datafield>
  <datafield tag="952" ind1=" " ind2=" ">
    <subfield code="0">0</subfield>
    <subfield code="1">0</subfield>
    <subfield code="2">ddc</subfield>
    <subfield code="4">0</subfield>
    <subfield code="7">0</subfield>
    <subfield code="a">NIT</subfield>
    <subfield code="b">NIT</subfield>
    <subfield code="d">2019-08-21</subfield>
    <subfield code="l">0</subfield>
    <subfield code="o">627.4 NUS</subfield>
    <subfield code="p">NIT-10129</subfield>
    <subfield code="r">2019-08-21</subfield>
    <subfield code="w">2019-08-21</subfield>
    <subfield code="y">BK</subfield>
  </datafield>
</record>
